LEADER 01004nam a2200253 i 4500 001 000000145262 003 CaOOAMICUS 005 20051121000000.0 008 051121s1973 it u000 u ita u 013 $a120654 040 $aSeMil$bita 100 1 $aCima, Annalisa,$d<1941- >.$0(OLS)http://semarc/name/42341 245 10$aIncontro Montale /$cAnnalisa Cima ; con uno schizzo inedito di Marino Marini. 260 $aMilano :$bAll'insegna del pesce d'oro,$c1973. 300 $a41 p. ;$c18 cm. 500 $aFondo Ciprandi. 600 14$aMontale, Eugenio <1896-1981>.$0(OLS)http://semarc/subject/2226 700 1 $aMarini, Marino,$d<1901-1980>.$0(OLS)http://semarc/name/42184 850 $aSeMil 852 $aSeMil$W1$xVenegono$y1$m1C II 144$j98075$B98075$CSeMilBibl$Z2$F105958 $81 941 1 $a1 961 $aOmaggio: Ciprandi dott. Paolo 996 $6245$aIncontro Montale$9(OLS)http://semarc/title/212474 996 $6260$aMilano :$bAll'insegna del pesce d'oro$9(OLS)http://semarc/publisher/29752 LEADER 01435nam a2200313 i 4500 001 000000118962 003 CaOOAMICUS 005 20031014000000.0 008 031014s2000 it u000 u ita u 013 $a91655 020 $a88-7610-481-X 040 $aSeMil$bita 100 1 $aSgarbossa, Mario.$0(OLS)http://semarc/name/38527 245 10$aGiacomo Alberione :$b«una meraviglia del nostro secolo» (Paolo 6.) /$cMario Sgarbossa. 246 04$iTitolo in copertina:$aAlberione : «Una meraviglia del nostro secolo» (Paolo 6.) 260 $aMilano :$bPaoline,$ccopyr. 2000. 300 $a212 p., [16] p. di tav. ;$c22 cm. 490 0 $aUomini e donne ;$v46 500 $aContiene : Bibliografia. - Fondo Card. C.M. Martini. 600 14$aAlberione, Giacomo .$0(OLS)http://semarc/subject/2912 830 0$aUomini e donne ;$v46.$0(OLS)http://semarc/title/10136 850 $aSeMil 852 $aSeMil$W1$xVenegono$y1$m3J III 130$j74207$B74207$CSeMilBibl$Z2$F76824 $81 941 1 $a4 961 $aOmaggio: Martini Card. Carlo Maria 996 $6020$a88-7610-481-X$9(OLS)http://semarc/number/88722 996 $6245$aGiacomo Alberione :$b«una meraviglia del nostro secolo» (Paolo 6.)$9(OLS)http://semarc/title/174772 996 $6246$aAlberione : «Una meraviglia del nostro secolo» (Paolo 6.)$9(OLS)http://semarc/title/174773 996 $6260$aMilano :$bPaoline$9(OLS)http://semarc/publisher/29684